Mathematical methods in chemical engineering (Record no. 25039)

000 -LEADER
fixed length control field 00548nam a22002051 4500
001 - CONTROL NUMBER
control field 25039
003 - CONTROL NUMBER IDENTIFIER
control field BD-DhUET
008 - FIXED-LENGTH DATA ELEMENTS--GENERAL INFORMATION
fixed length control field 730313s1963 xx 000 0 eng
040 ## - CATALOGING SOURCE
Original cataloging agency DLC
Transcribing agency OClU
Modifying agency BD-DhUET
082 ## - DEWEY DECIMAL CLASSIFICATION NUMBER
Classification number 660.28
Item number JEN/1963
100 ## - MAIN ENTRY--PERSONAL NAME
Personal name Jenson, V. G.
245 10 - TITLE STATEMENT
Title Mathematical methods in chemical engineering
250 ## - EDITION STATEMENT
Edition statement 1st ed.
260 ## - PUBLICATION, DISTRIBUTION, ETC. (IMPRINT)
Place of publication, distribution, etc. London
Name of publisher, distributor, etc. Academic Press
Date of publication, distribution, etc. 1963
300 ## - PHYSICAL DESCRIPTION
Extent xi, 556 p.
Other physical details illus.
Dimensions 24cm.
504 ## - BIBLIOGRAPHY, ETC. NOTE
Bibliography, etc Includes bibliographies
650 #0 - SUBJECT ADDED ENTRY--TOPICAL TERM
Topical term or geographic name as entry element Chemical engineering
700 ## - ADDED ENTRY--PERSONAL NAME
Personal name Jeffreys, G. V.
942 ## - ADDED ENTRY ELEMENTS (KOHA)
Koha item type General Book
Holdings
Koha normalized classification for sorting Koha full call number Not for loan Copy number Shelving location Location (home branch) Price effective from Koha item type Date acquired Koha date last seen Source of classification or shelving scheme Piece designation (barcode) Sublocation or collection (holding branch) Damaged status Lost status Withdrawn status
660_280000000000000_JEN_1963660.28/JEN/1963 1Circulation sectionCentral Library, BUET2015-05-12General Book2015-05-122015-05-12 22438Central Library, BUET   
660_280000000000000_JEN_1963660.28/JEN/1963 2Circulation sectionCentral Library, BUET2015-05-12General Book2015-05-122015-05-12 22440Central Library, BUET   
660_280000000000000_JEN_1963660.28/JEN/1963 3Circulation sectionCentral Library, BUET2015-05-12General Book2015-05-122015-05-12 22434Central Library, BUET   
660_280000000000000_JEN_1963660.28/JEN/1963 4Circulation sectionCentral Library, BUET2015-05-18General Book2015-05-182015-05-18 22432Central Library, BUET   
660_280000000000000_JEN_1963660.28/JEN/1963 5Circulation sectionCentral Library, BUET2015-05-18General Book2015-05-182015-05-18 22435Central Library, BUET   
660_280000000000000_JEN_1963660.28/JEN/1963 6Circulation sectionCentral Library, BUET2015-05-18General Book2015-05-182015-05-18 29450Central Library, BUET   
660_280000000000000_JEN_1963660.28/JEN/1963 7Circulation sectionCentral Library, BUET2015-05-18General Book2015-05-182015-05-18 29449Central Library, BUET   
660_280000000000000_JEN_1963660.28/JEN/1963 8Circulation sectionCentral Library, BUET2015-05-18General Book2015-05-182015-05-18 29448Central Library, BUET   
660_280000000000000_JEN_1963660.28/JEN/1963 9Circulation sectionCentral Library, BUET2015-05-18General Book2015-05-182015-05-18 29457Central Library, BUET   
660_280000000000000_JEN_1963660.28/JEN/1963 10Circulation sectionCentral Library, BUET2015-05-18General Book2015-05-182015-05-18 29454Central Library, BUET   
660_280000000000000_JEN_1963660.28/JEN/1963 11Circulation sectionCentral Library, BUET2015-05-18General Book2015-05-182015-05-18 29453Central Library, BUET   
660_280000000000000_JEN_1963660.28/JEN/1963 12Circulation sectionCentral Library, BUET2015-05-18General Book2015-05-182015-05-18 29451Central Library, BUET   
660_280000000000000_JEN_1963660.28/JEN/1963 13Circulation sectionCentral Library, BUET2015-05-18General Book2015-05-182015-05-18 22431Central Library, BUET   
660_280000000000000_JEN_1963660.28/JEN/1963 14Circulation sectionCentral Library, BUET2015-05-18General Book2015-05-182015-05-18 29452Central Library, BUET   
660_280000000000000_JEN_1963660.28/JEN/1963 15Circulation sectionCentral Library, BUET2015-05-18General Book2015-05-182015-05-18 22436Central Library, BUET   
660_280000000000000_JEN_1963660.28/JEN/1963 16Reading sectionCentral Library, BUET2015-06-17Reading Item2015-06-172015-06-17 29456Central Library, BUET   
660_280000000000000_JEN_1963660.28/JEN/1963 17Reading sectionCentral Library, BUET2015-06-18Reading Item2015-06-182015-06-18 29455.Central Library, BUET   
660_280000000000000_JEN_1963660.28/JEN/1963 18Reading sectionCentral Library, BUET2015-07-10Reading Item2015-07-102015-07-10 22439Central Library, BUET